000 00226nam a2200097Ia 4500
001 734407
005 20250826163833.0
008 250824s9999 xx 000 0 und d
245 0 _aENVER PAŞA
_cİLYAS KARA
260 _bYEDİVEREN
999 _c734407
_d734407